Normal view
MARC view
- Mejorado de la Torre, Héctor
Entry Nombre Personal
001 - NUMERO DE CONTROL
- campo de control: 48835
003 - IDENTIFICADOR DE NUMERO DE CONTROL
- campo de control: UPN
005 - FECHA Y HORA DE LA ÜLTIMA TRANSACCIÓN
- campo de control: 20230509134715.0
008 - DATOS DE LONGITUD FIJA
- campo de control de longitud fija: 230509nn acnnnaabn a a|a d
040 ## - FUENTE DE CATALOGACIÓN
- Agencia original de catalogación: MX-MxUPN
- Lenguaje de catalogación: spa
100 1# - ENCABEZAMIENTO - NOMBRE PERSONAL
- Nombre personal: Mejorado de la Torre, Héctor
400 1# - VEÁSE - NOMBRE DE PERSONA
- Personal name: Torre, Héctor Mejorado de la
670 ## - FUENTE EN LA QUE SE LOCALIZARON DATOS
- Cita de la fuente: Baja California, 2012:
- Información localizada: reverso de la portada (Héctor Mejorado de la Torre)
902 ## - CATALOGADOR
- Catalogador: VíctorGodínez/090523
